| 000 | 00720cam a22002413a 4500 | ||
|---|---|---|---|
| 001 | 2769 | ||
| 003 | PGUSA | ||
| 005 | 20140828083021.0 | ||
| 008 | 060328s2006||||xxu|||||s|||||000 1 eng d | ||
| 040 |
_aPGUSA _beng |
||
| 042 | _adc | ||
| 050 | 4 | _aPR | |
| 100 | 1 |
_aHaggard, H. Rider _q(Henry Rider), _d1856-1925 |
|
| 245 | 1 | 0 |
_aCleopatra _h[electronic resource] / _cH. Rider Haggard |
| 260 |
_bProject Gutenberg, _c2006 |
||
| 506 | _aPublic domain in the USA. | ||
| 516 | _aElectronic text | ||
| 653 | _aCleopatra, Queen of Egypt, d. 30 B.C. -- Fiction | ||
| 653 | _aEgypt -- History -- 332-30 B.C. -- Fiction | ||
| 830 | 0 |
_aProject Gutenberg _v2769 |
|
| 856 | 4 | 0 | _uhttp://www.gutenberg.org/ebooks/2769 |
| 942 | _cEB | ||
| 999 |
_c232101 _d232101 |
||